Eu sei o que estou fazendo (Record no. 69901)

MARC details
000 -LÍDER
campo de controle de tamanho fixo 00393 a2200169 4500
001 - NÚMERO DE CONTROLE
campo de controle 69901
020 ## - ISBN - INTERNATIONAL STANDARD BOOK NUMBER
ISBN - International Standard Book Number 8576668157
040 ## - FONTE DA CATALOGAÇÃO
Instituição que transcreveu o registro Anchieta - Itaigara
100 ## - ENTRADA PRINCIPAL--NOME PESSOAL
Nome pessoal Manuel Filho
240 10 - TÍTULO UNIFORME
Título uniforme Eu sei o que estou fazendo
Idioma da obra por
245 10 - TÍTULO
Título Eu sei o que estou fazendo
300 ## - DESCRIÇÃO FÍSICA
Extensão 88
362 0# - DATAS DE PUBLICAÇÃO E/OU DESIGNAÇÃO SEQUENCIAL
Datas de publicação e/ou designação sequencial 2006
440 #1 - DECLARAÇÃO DE SÉRIE/ENTRADA ADICIONADA--TÍTULO
Título Escala Educacional
650 #4 - ASSUNTO--TERMO TÓPICO
Cabeçalho tópico ou nome geográfico Literatura infanto-juvenil
942 ## - ELEMENTOS DE ENTRADA ADICIONADOS (KOHA)
Tipo de material Koha Livros
Holdings
Situação do descarte Situação das perdas Situação física Não pode ser emprestado Biblioteca de origem Biblioteca atual Data de aquisição Total de empréstimos Número de chamada completo Código de barras Data de último acesso Data do preço efetivo Tipo de material Koha Fonte da classificação ou esquema de arquivamento na estante Número do exemplar
        Colégio São Paulo Colégio São Paulo 21/11/2023   028.5 MAN EU 2759/ITA 21/11/2023 21/11/2023 Livros    
        Portinari - Salvador Portinari - Salvador 14/08/2024   028.5 M294e 7542/CCP 14/08/2024 14/08/2024 Livros   Ex. 1